El carro de los elegidos / (Registro nro. 30713)

Detalles MARC
000 -LÍDER
campo de control de longitud fija 01220nam a2200277 4500
005 - FECHA Y HORA DE LA ÚLTIMA
campo de control 20240320204645.0
008 - ELEMENTOS DE DATOS DE LONGITUD FIJA - INFORMACIÓN GENERAL
campo de control de longitud fija 240320b |||||||| |||| 00| 0 eng d
020 ## - NÚMERO INTERNACIONAL NORMALIZADO DEL LIBRO
Número de libro estándar internacional 8475301789
037 ## - FUENTE DE ADQUISICIÓN
Materials specified Donación
040 ## - FUENTE DE CATALOGACIÓN
Agencia de catalogación original CO-JMCR
Agencia de transcripción CO-JMCR
Agencia modificadora CO-JMCR
Convenciones de descripción rda
041 ## - CÓDIGO DE IDIOMA
Código de idioma del texto/pista de sonido o título independiente spa
082 ## - NÚMERO DE CLASIFICACIÓN DECIMAL DEWEY
Número de clasificación A-N
Número de artículo WHIc
100 ## - ENTRADA PRINCIPAL - NOMBRE PERSONAL
Término relativo autor
Nombre personal White, Patrick
9 (RLIN) 43571
245 ## - DECLARACIÓN DEL TÍTULO
Título El carro de los elegidos /
Declaración de responsabilidad, etc. Patrick White
246 ## - FORMA VARIABLE DEL TÍTULO
Título propiamente dicho/título corto Riders in the chariot
260 ## - PUBLICACIÓN, DISTRIBUCIÓN, ETC.
Lugar de publicación, distribución, etc. Barcelona
Nombre del editor, distribuidor, etc. Ediciones Orbis, S.A.
Fecha de publicación, distribución, etc. 1966
300 ## - DESCRIPCIÓN FÍSICA
Medida 463 páginas
Dimensiones 20 cm
520 ## - RESUMEN, ETC.
Resumen, etc Mosaico de una localidad australiana, Sarsaparrilla, y de cómo se cruzan las vidas de cuatro personas de orígenes muy distintos. En la obra se muestran los efectos que llegan a causar la guerra y el racismo en un espacio tan aparentemente alejado de los grandes conflictos internacionales como puede serlo el territorio australiano
586 ## - NOTA DE PREMIOS
Nota de premios Premio Nobel de Literatura 1973
650 ## - ENTRADA AÑADIDA DE ASUNTO - TÉRMINO TEMÁTICO
Fuente del encabezado o término JMCR
-- Literatura australiana
Subdivisión cronológica Siglo XX
9 (RLIN) 43572
650 ## - ENTRADA AÑADIDA DE ASUNTO - TÉRMINO TEMÁTICO
Fuente del encabezado o término JMCR
-- Novela autraliana
Subdivisión cronológica Siglo XX
9 (RLIN) 43573
650 ## - ENTRADA AÑADIDA DE ASUNTO - TÉRMINO TEMÁTICO
Fuente del encabezado o término JMCR
-- Novela Psicológica
Subdivisión cronológica Siglo XX
9 (RLIN) 43574
650 ## - ENTRADA AÑADIDA DE ASUNTO - TÉRMINO TEMÁTICO
Fuente del encabezado o término JMCR
-- Racismo en la literatura
9 (RLIN) 43575
700 ## - ENTRADA AGREGADA - NOMBRE PERSONAL
Nombre personal Puerto, Carlos
Término relativo Traductor
9 (RLIN) 43576
942 ## - ELEMENTOS DE ENTRADA AÑADIDOS (KOHA)
Source of classification or shelving scheme Dewey Decimal Classification
Tipo de artículo Koha Books
999 ## -
-- 30713
-- 17097
Existencias
Estado retirado